000
00318nam a22001217a 4500
008
180421b xxu||||| |||| 00| 0 eng d
041
_a
eng
080
_a
043.3
100
_a
0
101
_a
SHJ-BA
245
_a
Nocioni dhe Ndarja e Pasurise se Perbashket Familjare -Aspekte Komparative
_c
Ismaili, D
942
_2
udc
_c
BK
999
_c
45412
_d
45412